000 00578nam a22002177a 4500
003 OSt
005 20140310183043.0
008 130223t xxu||||| |||| 00| 0 eng d
020 _a9710862901
050 _aHM 51
_b.C719 2002
082 _aFIL 301
_bC71 2002
245 _aGeneral Sociology
_cColon, Salvacion M.
_bA Simplified Approach
260 _aMandaluyong City
_bNational Book Store
_c2002
300 _a251p.
_c22 cm.
521 _aCollege Students
526 _c1210L-1700L
541 _j1
541 _j2
562 _e2
942 _2lcc
_cBK
_kFIL
999 _c18553
_d18553